000 00768nam a2200229 a 4500
005 20230902063600.0
008 061121s2005 mx r 000 0 spa d
020 _a9501255093
035 _aUPN01000148029
049 _aCG
050 4 _aLB1031
_bT6.32
100 1 _aTomlinson, Carol Ann
245 1 0 _aEstrategias para trabajar con la diversidad en el aula /
_cCarol Ann Tomlinson ; tr. Gloria Vitale.
260 _aBuenos Aires :
_bPaidós,
_cc2005.
300 _a218 p. :
_bil., cuadros.
440 0 _aRedes en educación ;
_v9
534 _pTítulo original:
_tHow to differentiate instruction in mixed-ability classrooms
650 4 _aEnseñanza individualizada
_96835
650 7 _aEstrategias educativas
_2
_91510
905 _aLibro
999 _c120171
_d120171